El patrimonio histórico, artístico y etnográfico de Mata de Alcántara : (Record no. 194993)

MARC details
000 -LEADER
campo de control de longitud fija 01809nam a2200409 i 4500
001 - NÚMERO DE CONTROL
campo de control 194993
003 - IDENTIFICADOR DE NÚMERO DE CONTROL
campo de control SpMaBN
005 - FECHA Y HORA DE LA ÚLTIMA TRANSACCIÓN
campo de control 20260220183711.0
007 - CAMPO FIJO DE DESCRIPCIÓN FÍSICA--INFORMACIÓN GENERAL
campo de control de longitud fija ta
008 - DATOS DE LONGITUD FIJA--INFORMACIÓN GENERAL
campo de control de longitud fija 240523s2022 sp a | ||||o000 0 spa
017 ## - NÚMERO DE COPYRIGHT O DE DEPÓSITO LEGAL
Número de copyright o de depósito legal CC 206-2022
Agencia que asigna Oficina Depósito Legal Cáceres
035 ## - NÚMERO DE CONTROL DEL SISTEMA
Número de control de sistema a7227109
040 ## - FUENTE DE CATALOGACIÓN
Centro catalogador/agencia de origen SpMaBN
Lengua de catalogación spa
Centro/agencia transcriptor SpMaBN
Normas de descripción rda
Centro/agencia modificador ES-MaACL
080 ## - NÚMERO DE LA CLASIFICACIÓN DECIMAL UNIVERSAL
Número de la Clasificación Decimal Universal 908(460.251 Mata de Alcántara)
100 1# - ENTRADA PRINCIPAL--NOMBRE DE PERSONA
Nombre de persona Ramos Rubio, José Antonio,
Fechas asociadas al nombre 1963-
9 (RLIN) 174430
245 13 - MENCIÓN DEL TÍTULO
Título El patrimonio histórico, artístico y etnográfico de Mata de Alcántara :
Resto del título La Mata en el tiempo /
Mención de responsabilidad, etc. José Antonio Ramos Rubio, Alberto Durán Sánchez.
264 #1 - PRODUCCIÓN, PUBLICACIÓN, DISTRIBUCIÓN, FABRICACIÓN Y COPYRIGHT
Producción, publicación, distribución, fabricación y copyright Cáceres :
Nombre del de productor, editor, distribuidor, fabricante Diputación de Cáceres,
Fecha de producción, publicación, distribución, fabricación o copyright 2022
300 ## - DESCRIPCIÓN FÍSICA
Extensión 301 páginas :
Otras características físicas ilustraciones, mapas (blanco y negro y color),
Dimensiones 23 cm
336 ## - TIPO DE CONTENIDO
Término de tipo de contenido Texto
-- Imagen fija
Fuente rdacontent
337 ## - TIPO DE MEDIO
Nombre/término del tipo de medio sin mediación
Fuente rdamedia
338 ## - TIPO DE SOPORTE
Nombre/término del tipo de soporte volumen
Fuente rdacarrier
500 ## - NOTA GENERAL
Nota general Incluye apéndice fotográfico
500 ## - NOTA GENERAL
Nota general Catalogación provisional. Signatura: N 8666. Depósito J.
500 ## - NOTA GENERAL
Nota general Incluye (páginas 257-272) Las piedras del amor / Florentino Escribano Ruiz
504 ## - NOTA DE BIBLIOGRAFÍA, ETC.
Nota de bibliografía, etc. Bibliografía: páginas 241-255
651 #0 - PUNTO DE ACCESO ADICIONAL DE MATERIA--NOMBRE GEOGRÁFICO
Nombre geográfico Mata de Alcántara-
Subdivisión general Descripción
9 (RLIN) 236617
700 #2 - ENTRADA AGREGADA--NOMBRE PERSONAL
Nombre de persona Escribano Ruiz, Florentino
9 (RLIN) 240286
700 1# - ENTRADA AGREGADA--NOMBRE PERSONAL
Nombre de persona Durán Sánchez, Alberto
9 (RLIN) 236619
852 ## - LOCALIZACIÓN
Ubicación ES-MaACL
Sublocalización o colección R.153626
Ubicación en estantería Depósito J
Número de control de estantería N-8666
Donativo/Legado Donación: José Antonio Ramos Rubio y Alberto Durán Sánchez
itemnumber 202657
Nota libre En proceso
903 ## - NOMBRE PERSONAL DE DONANTE
a Ramos Rubio, José Antonio,
d 1963-
e Donante
9 174430
903 ## - NOMBRE PERSONAL DE DONANTE
9 236619
a Durán Sánchez, Alberto
e Donante
942 ## - ELEMENTOS DE ENTRADA SECUNDARIOS (KOHA)
Suprimir en OPAC No
Tipo de ítem Koha Libro impreso
Holdings
Estatus retirado Estado de pérdida Fuente del sistema de clasificación o colocación Estado de daño No para préstamo Biblioteca de origen Biblioteca actual Ubicación en estantería Fecha de adquisición Fuente de adquisición Total de préstamos Signatura topográfica completa Código de barras Visto por última vez Precio de reemplazo Tipo de ítem Koha
    Clasificación decimal universal     Biblioteca del Ateneo de Madrid Biblioteca del Ateneo de Madrid Depósito J 23/05/2024 Donación   N-8666 101227802 23/05/2024 23/05/2024 Libro impreso